000
00319nam a2200145Ia 4500
100
_a
Cameron/Alastair
942
_c
RB
654
_a
lubrication theory
245
_a
Basic Lubrication theory
260
_b
Wiley Eastern Limited.
_c
1987
082
_a
621.89
_b
CAM
300
_a
256
546
_a
ENGLISH
999
_c
35222
_d
35222